000 00456nam a2200157 4500
001 145196
003 ES-MaACL
005 20230906201200.0
007 t|
008 070214s1946 sp r ||||1| spa d
100 1 _aSouthgate, George W.
_9107589
245 1 0 _aBreve historia de Europa
_b: 1756-1946 /
_cGeorge W. Southgate.
260 _aMadrid :
_bPegaso,
_c1946.
300 _aXXII, 238 p. ;
_c23 cm +
_e15 map.
852 _aES-MaACL
_jC-3893
_bR.23502
999 _c145196
_d145196